000 00934 am a2200241 a 4500
005 20240627110433.0
008 100305s1996||||sp a f |||| 001 0 spa d
020 _a8481742279
041 _aspa
092 _c611
_l95
_sWIL
100 1 _aWilliams, Peter L.
_9153
245 _aGray Anatomía.
_bT.2 /
_cPeter L. Williams
250 _a36a ed. versión español de la obra original en inglés
_bTraducción Celestino Barastegui Almagro ; Ginés Domenech Ratto ; Manuel Nombela Gómez ; Alfonso Puchades Ort ; Juan Antonio Durán Otero ; Miguel Angel Renart Pita y Margarita Varela Morales
260 _aMadrid:
_bChurchill Livingstone;
_c1996.
300 _a882-1672 p.
500 _aWilliams, P. L. y Warwick, R. (1996). Gray anatomía. T.2 (36a ed.). Madrid : Churchill Livingstone.
653 _aNeurología
653 _aEsplacnología
700 1 _aWarwick, Roger.
_9154
930 _a211
930 _a134
942 _2ddc
_cBK
999 _c38
_d38